000 00307nam a2200121Ia 4500
008 241015s9999 xx 000 0 und d
041 _aeng
082 _a338.502 REE
100 _aHudson Rees
245 _aManagerial Economics
260 _bLarsen And Keller Education
_aUSA
_c2019
300 _a270;. P. 27 cm
999 _c41563
_d41563